Statistiques concernant Les 200 plus grandes villes de France en Occitanie

Cliquez ici pour prendre le quiz!

Statistiques générales

  • Ce quiz a été pris 275 fois
  • Le résultat moyen est 11 sur 14

Statistiques - réponses

Ville
Population
(en milliers)
% Correct
4Toulouse493
100%
7Montpellier295
98%
21Nîmes148
93%
31Perpignan119
93%
61Béziers78
89%
92Montauban61
86%
104Narbonne55
86%
142Carcassonne46
84%
132Albi48
80%
172Tarbes42
69%
174Castres42
65%
163Sète43
62%
176Alès41
50%
188Colomiers39
33%

Distribution des résultats

Percentile par nombre de réponses

% des personnes avec chaque résultat

Votre développement - résultats

Vous n’avez pas pris ce quiz